000 00307nam a22001337a 4500
008 170608b xxu||||| |||| 00| 0 eng d
020 _a0275932079
041 _aeng
080 _22ND
_a94(7/8)
100 _a18
101 _aSHH
245 _aU.S. LATIN AMERICAN RELATIONS
_cKRYZANEK,M,J
942 _2udc
_cBK
999 _c16592
_d16592